000 00661nam a2200193Ii 4500
003 JO-AjNU
008 230605s9999||||xx |||||||||||||| ||und||
040 _aJO-AjNU
_bara
_erda
_cJO-AjNU
041 _aara
050 1 4 _aHM61 .A43 1977
100 3 _aاحمد، احمد كمال,
_eauthor
_936365
245 0 0 _aقراءات في الخدمة الاجتماع
264 3 1 _aالقاهرة: مكتبة الخانجي، 1977
300 _a280ص
_bيحتوي على ببلوغرافية من 273-280ص
336 _atext
_btxt
_2rdacontent
337 _aunmediated
_bn
_2rdamedia
338 _avolume
_bnc
_2rdacarrier
650 4 _aعلم الاجتماع
_936366
999 _aA15103
_c18671
_d18671